| 000 | 00505nam a22001337a 4500 | ||
|---|---|---|---|
| 003 | macl | ||
| 005 | 20240702151504.0 | ||
| 008 | 240702b |||||||| |||| 00| 0 eng d | ||
| 040 | _cmacl | ||
| 100 |
_aपाण्डे,मानोहर _982447 |
||
| 245 | _aवस्तुनिष्ठ सामान्य ज्ञान अघ्यायवार 2750+ प्रश्नों का संकलन | ||
| 650 |
_aसामान्य ज्ञान _9328 |
||
| 942 |
_2ddc _cHIN |
||
| 999 |
_c66943 _d66943 |
||